000 00311 a2200157 4500
001 73647
020 _a85364002-1
040 _cAnchieta - Colégio São Paulo
240 1 0 _aMorfologia
_lpor
245 1 0 _aMorfologia
300 _a47
362 0 _a0
440 1 _aAbril
650 4 _aPortuguês
942 _cBK
999 _c73647
_d73647